Internet Addiction: True or False - Statistics

General Stats
  • This quiz has been taken 18 times
  • The average score is 6 of 10
Answer Stats
Question Answer % Correct
There is no way to treat this disorder False
94%
Covid 19 significantly increased the prevalence of this disorder True
94%
Teens and Young adults have the highest prevalence of internet addiction disorder. True
94%
People who have Autism are more prone to this disorder then others. True
82%
In China they have developed Internet addiction camps. Whose programs are very abusive leading to several deaths. True
53%
This disorder has increased the amount of Gamma and Beta EEG waves and decreased Alpha, Theta and Delta EEG waves True
47%
United States has the highest prevalence of this disorder. False
41%
Males are more prone to this disorder than females False
24%
Gaming addiction is the most common kind of Internet addiction disorder False
18%
South Korea passed a law dubbed the Shutdown Law banning children 16 and under from playing mobile games from 11 pm to 6 am False
18%
No matching quizzes found
Score Distribution
Percent of People with Each Score
Percentile by Number Answered
Your Score History
You have not taken this quiz